| 000 | 00339nam a2200145Ia 4500 | ||
|---|---|---|---|
| 100 | _aPrice/Jason | ||
| 942 | _cBK | ||
| 366 | _f20 | ||
| 654 | _aoracle database | ||
| 245 | _aOracle Database 10g SQL:Master SQL and PL/SQL | ||
| 260 |
_bTata Mc Graw hill _c2004 |
||
| 082 |
_a5.133 _bPRI |
||
| 300 | _a588 | ||
| 546 |
_aENGLISH _cproduction |
||
| 999 |
_c23052 _d23052 |
||